000
00259nam a2200109Ia 4500
008
190216s9999||||xx |||||||||||||| ||und||
100
_a
Govt Of India Plannig Comm
245
0
_a
Companies Act 1956
260
_b
Govt.Kerala
_c
1966
300
_a
568p
942
_c
BK
999
_c
3972
_d
3972